000
00347nam a2200157Ia 4500
003
OSt
005
20240102043037.0
008
170524s9999 xx 000 0 und d
020
_a
9788122416077
040
_c
iimtu
100
_a
Gulati RR
245
0
_a
Monochrome and Colour Television
260
_b
New Age
260
_c
2007
942
_2
ddc
_c
02
999
_c
5060
_d
5060